Landesbanken - Girozentralen.

Rozvoj Berlína po zjednotení Nemecka a nové profilovanie ekonomického priestoru Berlína a Brandenburgu. Situácia v bankovníctve Berlína. Vytvorenie zemskej banky a jej veľkosť. Nová obchodná politika. Zemská banka ako klasická univerzálna banka.

Salvato in:
Dettagli Bibliografici
Autore principale: Moser, H.
Natura: Capitolo di libro
Lingua:tedesco
Soggetti:
Tags: Aggiungi Tag
Nessun Tag, puoi essere il primo ad aggiungerne!!

MARC

LEADER 00000naa a2200000 4500
001 r006486
005 20221208122755.2
041 0 |a ger 
044 |a DE 
245 1 0 |a Landesbanken - Girozentralen.  |c H. Moser 
520 |a Rozvoj Berlína po zjednotení Nemecka a nové profilovanie ekonomického priestoru Berlína a Brandenburgu. Situácia v bankovníctve Berlína. Vytvorenie zemskej banky a jej veľkosť. Nová obchodná politika. Zemská banka ako klasická univerzálna banka. 
610 2 0 |a bankovníctvo 
610 2 0 |a Nemecko 
610 2 0 |a Berlín 
610 2 0 |a politika obchodná 
100 1 |a Moser, H.